01271nam a2200301 a 4500001000200000003000900002005001700011008003100028040002300059082002700082100002300109245015100132260005000283300002700333504007400360590002600434650003900460650005600499651004600555700002000601700001800621710009100639710007200730910001400802942001200816952012400828999001700952 DO-SdBNP20210721125237.0090701s1982 dr 000 0 spa d aBPMSUbspacBPMSU  a304.64bM938m 19822221 aMoya, Francisco de13aLa mortalidad en la República Dominicana según características sociales y geográficas /cFrancisco de Moya, Marina Taveras y Sonia Díaz. a[Santo Domingo] :bSESPAS :bCONAPOFA,c1982. a93 p. :bil. ;c21 cm. aIncluye referencias bibliográficas y notas al pie de las páginas. aInvetnariado, 2021/VM 4aMortalidadzRepública Dominicana 4aPredicciones demográficaszRepública Dominicana 4aRepública DominicanaxAspectos Sociales1 aTaveras, Marina1 aDíaz, Sonia2 aSecretaría de Estado de Salud Pública y Asistencia Social.(República Dominicana)2 aConsejo Nacional de Población y Familia (República Dominicana). aVMateo V. 2ddccBK 00102ddc40708CDaBPMETbBPMETd2021-07-21l0oBPMSU CD 304.64 M938m 1982pBPMSU21070031r2021-07-21w2021-07-21yBK c13590d13590